000 01056cam a2200313 a 4500
005 20260322212040.0
008 data
010 _a 00703181
020 _a0634006452 (cover)
020 _a0643006452 (t.p. verso)
020 _a9780634006456 (cover)
028 5 0 _aHL50449424
_bHal Leonard
040 _aBKC
_cBKC
_dDLC
042 _alccopycat
050 0 0 _aML3920
_b.H3 1999
082 0 0 _a615.8/5154
_221
096 _aWM 450.5.M8 H367 1999
100 1 _aHanser, Suzanne B.
245 1 4 _aThe new music therapist's handbook /
_cSuzanne B. Hanser & Suzanne B. Hanser.
250 _a2nd ed., completely updated and rev.
260 _aMilwaukee :
_bdistributed by Hal Leonard,
_aMilwaukee :
_bdistributed by Hal Leonard,
_cc1999.
300 _axv, 256 p. :
_bill. ;
_c23 cm.
500 _aRev. ed. of: Music therapist's handbook. c1987.
500 _aDistributor's no.: HL50449424.
504 _aIncludes bibliographical references and index.
650 0 _aMusic therapy.
700 1 _aHanser, Suzanne B.
_tMusic therapist's handbook.
001 data
999 _c936
_d936